|
|
|
|
| LEADER |
01012nam a22002537a 4500 |
| 001 |
37741 |
| 003 |
BD-DhAAL |
| 005 |
20220308125716.0 |
| 008 |
220220t2014 bg ||||| |||| 00| 0 ben d |
| 999 |
|
|
|c 43542
|d 43542
|
| 020 |
|
|
|a 9789848939574
|
| 040 |
|
|
|a BD-DhAAL
|
| 041 |
|
|
|a BAN
|
| 082 |
|
|
|a 891.443
|2 23
|
| 100 |
|
|
|a হক, শামস-উল
|9 45934
|
| 245 |
|
|
|a কালের যিশু /
|c শামস-উল-হক
|
| 246 |
|
|
|a Kaler Jhishu
|
| 260 |
|
|
|a ঢাকা :
|b স্বরবৃত্ত প্রকাশন,
|c ২০১৪
|
| 300 |
|
|
|a ১৭৫ পৃষ্ঠা ;
|c ২১ সে.মি.
|
| 541 |
|
|
|a Complimentary copy from BIED
|e 37741
|
| 650 |
|
|
|a Bengali fiction.
|9 45935
|
| 852 |
|
|
|a Ayesha Abed Library
|c BIED Collection
|
| 942 |
|
|
|2 ddc
|c BK
|
| 952 |
|
|
|0 0
|1 0
|2 ddc
|4 0
|6 891_443000000000000_HOQ
|7 0
|9 69844
|a BRACUL
|b BRACUL
|c GEN
|d 2022-02-20
|e Complimentary copy from BIED
|l 3
|m 4
|o 891.443 HOQ
|p 3010037741
|r 2026-04-11
|s 2026-02-18
|t 1
|w 2022-02-20
|y BK
|x Transferred from BIED to General Stacks
|